MLB Yankees opening day starting lineup 2026 - Statistics

General Stats
  • This quiz has been taken 26 times
  • The average score is 9 of 10
Answer Stats
Hint Answer % Correct
RF Aaron Judge
96%
C Austin Wells
96%
1B Ben Rice
96%
P Max Fried
96%
LF Cody Bellinger
92%
DH Giancarlo Stanton
92%
CF Trent Grisham
92%
3B Ryan McMahon
88%
2B Jazz Chisholm Jr.
84%
SS Jose Caballero
80%
No matching quizzes found
Score Distribution
Percent of People with Each Score
Percentile by Number Answered
Your Score History
You have not taken this quiz